Mujeres y mercado laboral en España (Record no. 178825)

MARC details
000 -LEADER
campo de control de longitud fija 01212nam a2200313 4500
001 - NÚMERO DE CONTROL
campo de control 178825
003 - IDENTIFICADOR DE NÚMERO DE CONTROL
campo de control ES-MaACL
005 - FECHA Y HORA DE LA ÚLTIMA TRANSACCIÓN
campo de control 20250902225546.0
008 - DATOS DE LONGITUD FIJA--INFORMACIÓN GENERAL
campo de control de longitud fija 110712s2010 sp d |||| |dspa d
020 ## - NÚMERO INTERNACIONAL ESTÁNDAR DEL LIBRO
Número Internacional Estándar del Libro 978-84-96515-94-9
080 ## - NÚMERO DE LA CLASIFICACIÓN DECIMAL UNIVERSAL
Número de la Clasificación Decimal Universal 331.2-055.2(460)
080 ## - NÚMERO DE LA CLASIFICACIÓN DECIMAL UNIVERSAL
Número de la Clasificación Decimal Universal 331.101.24-055.2(460)
245 00 - MENCIÓN DEL TÍTULO
Título Mujeres y mercado laboral en España
Resto del título : cuatro estudios sobre la discriminación salarial y la segregación laboral /
Mención de responsabilidad, etc. dirigido por Antonio Villar ; Sara de la Rica Goiricelaya ... [et al.].
250 ## - MENCION DE EDICION
Mención de edición 1ª ed.
260 ## - PUBLICACIÓN, DISTRIBUCIÓN, ETC.
Lugar de publicación, distribución, etc. Bilbao :
Nombre del editor, distribuidor, etc. Fundación BBVA,
Fecha de publicación, distribución, etc. 2010.
300 ## - DESCRIPCIÓN FÍSICA
Extensión 189 p. :
Otras características físicas gráf. ;
Dimensiones 24 cm.
500 ## - NOTA GENERAL
Nota general Índices.
504 ## - NOTA DE BIBLIOGRAFÍA, ETC.
Nota de bibliografía, etc. Referencias bibliográficas.
650 #7 - PUNTO DE ACCESO ADICIONAL DE MATERIA--TÉRMINO DE MATERIA
Término de materia o nombre geográfico como elemento de entrada Mujeres-
Subdivisión general Salarios-
Subdivisión geográfica España.
9 (RLIN) 147327
650 #7 - PUNTO DE ACCESO ADICIONAL DE MATERIA--TÉRMINO DE MATERIA
Término de materia o nombre geográfico como elemento de entrada Discriminación sexual en el trabajo-
Subdivisión geográfica España.
9 (RLIN) 147328
650 04 - PUNTO DE ACCESO ADICIONAL DE MATERIA--TÉRMINO DE MATERIA
Término de materia o nombre geográfico como elemento de entrada Mujeres-
Subdivisión general Trabajo-
Subdivisión geográfica España-
Subdivisión cronológica S.XX.
9 (RLIN) 15321
700 1# - ENTRADA AGREGADA--NOMBRE PERSONAL
Nombre de persona Villar, Antonio,
Fechas asociadas al nombre 1954-
9 (RLIN) 143379
700 1# - ENTRADA AGREGADA--NOMBRE PERSONAL
Nombre de persona Rica, Sara de la,
Fechas asociadas al nombre 1963-
9 (RLIN) 147329
710 2# - ENTRADA AGREGADA--NOMBRE DE ENTIDAD CORPORATIVA
Nombre de entidad corporativa o nombre de jurisdicción como elemento de entrada Fundación BBVA
9 (RLIN) 4230
852 ## - LOCALIZACIÓN
Ubicación ES-MaACL
itemnumber 185689
Sublocalización o colección R.146139
Número de control de estantería A-11342
Ubicación en estantería Depósito 1
Signatura antigua Olim: N-4346
Encuadernación Donación: Editorial
942 ## - ELEMENTOS DE ENTRADA SECUNDARIOS (KOHA)
Fuente del sistema de clasificación o colocación Clasificación decimal universal
Tipo de ítem Koha Libro impreso
Holdings
Estatus retirado Estado de pérdida Fuente del sistema de clasificación o colocación Estado de daño No para préstamo Biblioteca de origen Biblioteca actual Ubicación en estantería Fecha de adquisición Fuente de adquisición Total de préstamos Signatura topográfica completa Código de barras Visto por última vez Precio de reemplazo Tipo de ítem Koha
    Clasificación decimal universal     Biblioteca del Ateneo de Madrid Biblioteca del Ateneo de Madrid Depósito 1 12/07/2011 Donación   A-11342 1187843 23/02/2023 23/02/2023 Libro impreso